000 00459nam a22001697a 4500
003 IT-RoPau
005 20220918181102.0
008 130326b xxu||||| |||| 00| 0 eng d
040 _cIT-RoPau
100 _aFamiglia Paolina
_998
245 _aSan Paolo 2004
_bBollettino ufficiale interno della Società San Paolo
250 _a1° ed.
260 _aRoma
_bCasa Generalizia SSP
_c2004
300 _c21 cm
500 _aMarzo/March 2004.
942 _2ddc
_cBK
999 _c98290
_d98290